Взгляд в будущее. № 5: Материалы II областного конкурса бизнес-идей, научно-практических разработок и научно- исследовательских проеков и IV межрегиональной конференции "Почта России: современные технологии и перспективы" (Запись № 11713667)
[ простой вид ]
| 000 -МАРКЕР | |
|---|---|
| контрольное поле | 01812nam2a2200241 4500 |
| 001 - ИДЕНТИФИКАТОР ЗАПИСИ | |
| контрольное поле | RU\NLR\BIBL_A\012062596 |
| 005 - ИДЕНТИФИКАТОР ВЕРСИИ | |
| контрольное поле | 20250626175459.0 |
| 035 ## - ДРУГИЕ СИСТЕМНЫЕ НОМЕРА | |
| Идентификатор записи | (NLR Aleph) 012062596 |
| 100 ## - ДАННЫЕ ОБЩЕЙ ОБРАБОТКИ | |
| Данные общей обработки | 20190724d2019 |||y0rusy50 ca |
| 101 0# - ЯЗЫК РЕСУРСА | |
| Язык текста, звукозаписи и т.д. | русский |
| 102 ## - СТРАНА ПУБЛИКАЦИИ ИЛИ ПРОИЗВОДСТВА | |
| Страна публикации | Российская Федерация |
| 200 1# - ЗАГЛАВИЕ И СВЕДЕНИЯ ОБ ОТВЕТСТВЕННОСТИ | |
| Основное заглавие | Материалы II областного конкурса бизнес-идей, научно-практических разработок и научно- исследовательских проеков и IV межрегиональной конференции "Почта России: современные технологии и перспективы" |
| 210 ## - ПУБЛИКАЦИЯ, РАСПРОСТРАНЕНИЕ И ДР. | |
| Дата издания, распространения и т.д. | 2019 |
| Место издания, распространения и т.д. | Б. м. |
| 461 #0 - УРОВЕНЬ НАБОРА | |
| Встроенное поле | 001RU\NLR\BIBL_A\011363927 |
| -- | 2001#$aВзгляд в будущее$eнаучный журнал$fОбл. бюджет. проф. образоват. учреждение "Кур. техникум связи"$v№ 5 |
| Системный номер (АБИС) связанной записи | 11313722 |
| Место публикации | Курск |
| Дата публикации | 2017 - |
| Первые сведения об ответственности | Обл. бюджет. проф. образоват. учреждение "Кур. техникум связи" |
| Имя издателя, распространителя и т.д. | ОБПОУ "КТС" |
| Сведения, относящиеся к заглавию | научный журнал |
| Заглавие | Взгляд в будущее |
| Номер тома | № 5 |
| 710 12 - НАИМЕНОВАНИЕ ОРГАНИЗАЦИИ - ПЕРВИЧНАЯ ОТВЕТСТВЕННОСТЬ | |
| Начальный элемент ввода | Курский областной конкурс бизнес-идей, научно-практических разработок и научно-исследовательских проектов |
| Порядковый номер временной организации и / или порядковый номер ее части | 2 |
| Дата проведения временной организации | 2019 |
| Системный номер авторитетной/нормативной записи | 671656 |
| Идентификатор авторитетной/нормативной записи | RU\NLR\AUTH\880505871 |
| 711 12 - НАИМЕНОВАНИЕ ОРГАНИЗАЦИИ - АЛЬТЕРНАТИВНАЯ ОТВЕТСТВЕННОСТЬ | |
| Начальный элемент ввода | "Почта России: современные технологии и перспективы", межрегиональная конференция |
| Порядковый номер временной организации и / или порядковый номер ее части | 4 |
| Место проведения временной организации | Курск |
| Дата проведения временной организации | 2019 |
| Системный номер авторитетной/нормативной записи | 671658 |
| Идентификатор авторитетной/нормативной записи | RU\NLR\AUTH\880505872 |
| 852 ## - МЕСТОНАХОЖДЕНИЕ И ШИФР ХРАНЕНИЯ | |
| Идентификатор организации | NLR |
| Шифр хранения (Call Number) | П10/7782 |
| 942 ## - ДОПОЛНИТЕЛЬНЫЕ ЭЛЕМЕНТЫ ЗАПИСИ (АБИС) | |
| Тип экземпляра АБИС | Выпуск |
| 980 ## - КОЛЛЕКЦИЯ | |
| Название коллекции | Национальная библиография |
| 980 ## - КОЛЛЕКЦИЯ | |
| Название коллекции | Русская периодика |
Нет доступных экземпляров.